Tilastot visalle Valtioita osittaisten lippujen mukaan #5

Klikkaa tästä pelataksesi tätä visaa!

Yleistilastot

  • Tätä visaa on pelattu 461 kertaa
  • Keskiarvotulos 12 / 16

Vastaustilastot

Vastaus% Oikein
Suomi
98%
Saksa
97%
Iran
92%
Bosnia ja Hertsegovina
91%
Chile
85%
Panama
85%
San Marino
83%
Syyria
80%
Norja
78%
Nepal
77%
Angola
76%
Mongolia
76%
Etiopia
73%
Kap Verde
58%
Paraguay
56%
Guatemala
39%

Tulosjakauma

Persentiili vastausten määrän mukaan

Jokaisen tuloksen saaneiden osuus

Tuloshistoriasi

Et ole pelannut tätä visaa